Biological coagulation of Hevea latex waste carbohydrate substrates (Record no. 54782)

MARC details
000 -LEADER
fixed length control field 00406nam a2200133Ia 4500
100 ## - MAIN ENTRY--AUTHOR NAME
Personal name John C K
245 #0 - TITLE STATEMENT
Title Biological coagulation of Hevea latex waste carbohydrate substrates
260 ## - PUBLICATION, DISTRIBUTION, ETC. (IMPRINT)
Name of publisher Journal of the Rubber Research Institute of Malaya
Year of publication 1966
300 ## - PHYSICAL DESCRIPTION
Number of Pages 286-289
650 ## - SUBJECT ADDED ENTRY--TOPICAL TERM
Topical Term Biological coagulation
650 ## - SUBJECT ADDED ENTRY--TOPICAL TERM
Topical Term Hevea latex waste
942 ## - ADDED ENTRY ELEMENTS (KOHA)
Koha item type Journals
Holdings
Withdrawn status Lost status Damaged status Not for loan Home library Current library Shelving location Date acquired Serial Enumeration / chronology Koha item type
      Journals RRII Library RRII Library Rubber chemistry 17/12/2021 Volume 19, Issue 5 Journals